Giáo trình luật thương mại quốc tế /

Tổng quan về luật thương mại quốc tế. Các thiết chế điều chỉnh hoạt động thương mại quốc tế. Chế độ pháp lý về hợp đồng mua bán hàng hóa quốc tế. Chế độ pháp lý về chuyên chở hàng hóa quốc tế. Bảo hiểm hàng hóa trong thương mại quốc tế. Pháp luật về thanh toán trong thương mại quốc tế. Giải quyết tr...

詳細記述

保存先:
書誌詳細
第一著者: Trần Văn Nam.
その他の著者: Trần Thị Hòa Bình, PTS.
フォーマット: 図書
言語:Vietnamese
出版事項: Hà Nội : [Nxb Hà Nội], 1999.
主題:
タグ: タグ追加
タグなし, このレコードへの初めてのタグを付けませんか!
Thư viện lưu trữ: Mạng thư viện Đại học Đà Nẵng
LEADER 01498cam a2200361 i 4500
001 000049802
003 9865
005 20030918161419.0
008 010417b1999 vm 000 vie
020 |c 42000 
022 |a T 
040 |a IRC  |c IRC  |d IRC 
041 0 |a vie 
082 1 4 |a 341  |b TR-N 
100 1 |a Trần Văn Nam. 
245 0 0 |a Giáo trình luật thương mại quốc tế /  |c Trần Văn Nam, Trần Thị Hoà Bình. 
260 |a Hà Nội :  |b [Nxb Hà Nội],  |c 1999. 
300 |a 655tr. ;  |c 20,5cm. 
520 3 |a Tổng quan về luật thương mại quốc tế. Các thiết chế điều chỉnh hoạt động thương mại quốc tế. Chế độ pháp lý về hợp đồng mua bán hàng hóa quốc tế. Chế độ pháp lý về chuyên chở hàng hóa quốc tế. Bảo hiểm hàng hóa trong thương mại quốc tế. Pháp luật về thanh toán trong thương mại quốc tế. Giải quyết tranh chấp trong thương mại quốc tế. Thể chế pháp lý điều chỉnh hoạt động thương mại quốc tế trong khối ASEAN. 
630 0 4 |a Financial sector. 
630 0 4 |a Luật thương mại quốc tế. 
650 0 4 |a Luật thương mại. 
700 1 |a Trần Thị Hòa Bình,  |c PTS. 
OWN |a DUT 
999 |a From the UDN01 
TYP |a Monograph 
TYP |a Printed language 
980 |a Mạng thư viện Đại học Đà Nẵng